Využitie simulačnej optimalizácie pre určovanie optimálnej veľkosti výrobnej dávky = The use of simulative optimization for determining of optimal production amount : Diplomová práca

Salvato in:
Dettagli Bibliografici
Autore principale: Bučák, Slavomír (Autore)
Altri autori: Važan, Pavel, 1962- (xxx)
Natura: Manoscritto Libro
Lingua:slovacco
Pubblicazione: Trnava : STU v Bratislave MTF UIAM, 2009
Soggetti:
Tags: Aggiungi Tag
Nessun Tag, puoi essere il primo ad aggiungerne!!

MARC

LEADER 00000ntm a22000003a 4500
001 stu195999
005 20160719155940.6
008 091118s2009----xo------------------slo-d
040 |a STU  |b slo 
041 0 |a slo 
044 |a xo 
100 1 |a Bučák, Slavomír  |4 aut 
245 1 |a Využitie simulačnej optimalizácie pre určovanie optimálnej veľkosti výrobnej dávky = The use of simulative optimization for determining of optimal production amount :  |b Diplomová práca 
260 |a Trnava :  |b STU v Bratislave MTF UIAM,  |c 2009 
300 |a 69 s  |c príl (1 CD-ROM) 
500 |a Študijný program: automatizácia a informatizácia procesov 
500 |a Študijný odbor: 5.2.14 automatizácia 
650 7 |a materiálový tok  |2 stusub 
650 7 |a simulácia  |2 stusub 
650 7 |a simulačná optimalizácia  |2 stusub 
700 1 |a Važan, Pavel,  |d 1962-  |4 xxx  |u M6000  |U MTF Materiálovotechnologická fakulta  |T MTF Ústav aplikovanej informatiky, automatizácie a matematiky  |X 323  |U M6000  |Y 86  |7 A000000323 
996 |b 284M071608  |c M*DP-8413  |l MMSKP  |s P  |a 0  |w stu195999_0001